Writing your thesis (Record no. 305965)
[ view plain ]
| 000 -LEADER | |
|---|---|
| fixed length control field | 00594nam a2200241Ia 4500 |
| 008 - FIXED-LENGTH DATA ELEMENTS--GENERAL INFORMATION | |
| fixed length control field | 141004s9999 xx 000 0 und d |
| 020 ## - INTERNATIONAL STANDARD BOOK NUMBER | |
| International Standard Book Number | 978 81 7829 918 1 |
| 040 ## - CATALOGING SOURCE | |
| Transcribing agency | a |
| 041 ## - LANGUAGE CODE | |
| Language code of text/sound track or separate title | English |
| 082 ## - DEWEY DECIMAL CLASSIFICATION NUMBER | |
| Classification number | 1.42 |
| 082 ## - DEWEY DECIMAL CLASSIFICATION NUMBER | |
| Item number | OLI/WR |
| 100 ## - MAIN ENTRY--PERSONAL NAME | |
| Personal name | Paul Oliver |
| 245 ## - TITLE STATEMENT | |
| Title | Writing your thesis |
| 245 ## - TITLE STATEMENT | |
| Statement of responsibility, etc. | Paul Oliver |
| 260 ## - PUBLICATION, DISTRIBUTION, ETC. (IMPRINT) | |
| Place of publication, distribution, etc. | Los angeles |
| 260 ## - PUBLICATION, DISTRIBUTION, ETC. (IMPRINT) | |
| Name of publisher, distributor, etc. | Sage publications |
| 260 ## - PUBLICATION, DISTRIBUTION, ETC. (IMPRINT) | |
| Date of publication, distribution, etc. | 2008 |
| 300 ## - PHYSICAL DESCRIPTION | |
| Extent | 174 p. |
| 300 ## - PHYSICAL DESCRIPTION | |
| Other physical details | 24 cm |
| 365 ## - TRADE PRICE | |
| Price type code | Rs.295 |
| 501 ## - WITH NOTE | |
| With note | KAUCOF |
| 942 ## - ADDED ENTRY ELEMENTS (KOHA) | |
| Koha item type | Books (General) |
| Withdrawn status | Lost status | Damaged status | Not for loan | Collection code | Home library | Current library | Shelving location | Coded location qualifier | Cost, normal purchase price | Total Checkouts | Full call number | Barcode | Date last seen | Date checked out | Price effective from | Koha item type |
|---|---|---|---|---|---|---|---|---|---|---|---|---|---|---|---|---|
| College of Forestry, Vellanikkara | College of Forestry, Vellanikkara | . | 295.00 | 1 | 1.42 OLI/WR | KAU_COF-5280 | 24/07/2023 | 08/05/2023 | 04/10/2014 | Books (General) |
